[Event "Skakligaen 2024-25"]
[Site "Denmark"]
[Date "2025.01.25"]
[Round "5.1"]
[White "Sloth, Jorn"]
[Black "Kanov, Nikola Krasimirov"]
[Result "0-1"]
[WhiteElo "2280"]
[BlackElo "2405"]
[EventDate "2024.11.02"]
[EventType "team-tourn"]
[EventRounds "9"]
[EventCountry "DEN"]
[SourceTitle "Holdskaksystemet"]
[WhiteTeam "Nordre"]
[BlackTeam "Fredericia"]
[WhiteTeamCountry "DEN"]
[BlackTeamCountry "DEN"]

1. Nf3 g6 2. d4 Bg7 3. c4 c5 4. e4 Qa5+ 5. Bd2 Qb6 6. Bc3 Nc6 7. dxc5 Bxc3+ 8. Nxc3 Qxb2 9. Qc1 Qb4 10. Qe3 Qa5 11. Rb1 a6 12. Be2 Nf6 13. Nd2 O-O 14. e5 Ne8 15. Rb6 Nb4 16. O-O Nc2 17. Qd3 Nb4 18. Qb1 Nc6 19. Nb3 Qxc3 0-1

[Event "Skakligaen 2024-25"]
[Site "Denmark"]
[Date "2025.01.25"]
[Round "5.2"]
[White "Fries Nielsen, Jens Ove"]
[Black "Andersen, Thomas Klitgaard"]
[Result "1-0"]
[WhiteElo "2323"]
[BlackElo "2199"]
[EventDate "2024.11.02"]
[EventType "team-tourn"]
[EventRounds "9"]
[EventCountry "DEN"]
[SourceTitle "Holdskaksystemet"]
[WhiteTeam "Fredericia"]
[BlackTeam "Nordre"]
[WhiteTeamCountry "DEN"]
[BlackTeamCountry "DEN"]

1. Nf3 Nf6 2. e3 d5 3. b4 g6 4. Bb2 Bg7 5. c4 c6 6. h3 O-O 7. Be2 a5 8. b5 cxb5 9. cxb5 Nbd7 10. O-O a4 11. Na3 Nb6 12. Rc1 Ne8 13. Bxg7 Kxg7 14. Qc2 Qd6 15. Qb2+ f6 16. d4 Bf5 17. Ne1 h5 18. Nd3 Bxd3 19. Bxd3 f5 20. Nc2 e6 21. Ne1 Nf6 22. Nf3 Rfc8 23. a3 Rxc1 24. Rxc1 Rc8 25. Rxc8 Nxc8 26. Qc3 Nb6 27. Qc5 Ne8 28. Ne5 g5 29. g3 Kf6 30. Qxb6 1-0

[Event "Skakligaen 2024-25"]
[Site "Denmark"]
[Date "2025.01.25"]
[Round "5.3"]
[White "Abildlund, Jens"]
[Black "Chatalbashev, Boris"]
[Result "0-1"]
[WhiteElo "2182"]
[BlackElo "2484"]
[EventDate "2024.11.02"]
[EventType "team-tourn"]
[EventRounds "9"]
[EventCountry "DEN"]
[SourceTitle "Holdskaksystemet"]
[WhiteTeam "Nordre"]
[BlackTeam "Fredericia"]
[WhiteTeamCountry "DEN"]
[BlackTeamCountry "DEN"]

1. f4 d5 2. Nf3 g6 3. e3 Bg7 4. Be2 Nf6 5. O-O O-O 6. d4 b6 7. Nbd2 c5 8. Qe1 Ba6 9. Bxa6 Nxa6 10. c3 Nc7 11. Ne5 Nce8 12. b3 Nd6 13. Bb2 Rc8 14. Rc1 b5 15. dxc5 Rxc5 16. Ba3 Rc8 17. Qe2 Qb6 18. Kh1 Rfd8 19. Rc2 Nf5 20. Re1 d4 21. e4 Rxc3 22. Rxc3 dxc3 23. Ndf3 Nd4 24. Qf2 Nxf3 25. Qxb6 axb6 26. gxf3 c2 27. Kg1 Nh5 28. Nc6 Rd1 0-1

[Event "Skakligaen 2024-25"]
[Site "Denmark"]
[Date "2025.01.25"]
[Round "5.4"]
[White "Easwaralingam, Adesh"]
[Black "Hoiberg, Nina"]
[Result "1/2-1/2"]
[WhiteElo "2190"]
[BlackElo "2075"]
[EventDate "2024.11.02"]
[EventType "team-tourn"]
[EventRounds "9"]
[EventCountry "DEN"]
[SourceTitle "Holdskaksystemet"]
[WhiteTeam "Fredericia"]
[BlackTeam "Nordre"]
[WhiteTeamCountry "DEN"]
[BlackTeamCountry "DEN"]

1. e4 e5 2. Nf3 Nc6 3. Bb5 Nf6 4. d3 Bc5 5. c3 d6 6. O-O O-O 7. Nbd2 a6 8. Ba4 h6 9. Re1 Ng4 10. Re2 f5 11. Bxc6 bxc6 12. d4 Bb6 13. h3 fxe4 14. Nxe4 Nf6 15. dxe5 Nxe4 16. Rxe4 Bf5 17. Re1 dxe5 18. Be3 Qf6 19. Bxb6 cxb6 20. Nxe5 Rae8 21. f4 Bxh3 22. Qb3+ Be6 23. Nd7 Qxf4 24. Rxe6 1/2-1/2

[Event "Skakligaen 2024-25"]
[Site "Denmark"]
[Date "2025.01.25"]
[Round "5.5"]
[White "Hedevang, Benjamin"]
[Black "Light, Bjarne"]
[Result "0-1"]
[WhiteElo "2054"]
[BlackElo "2200"]
[EventDate "2024.11.02"]
[EventType "team-tourn"]
[EventRounds "9"]
[EventCountry "DEN"]
[SourceTitle "Holdskaksystemet"]
[WhiteTeam "Nordre"]
[BlackTeam "Fredericia"]
[WhiteTeamCountry "DEN"]
[BlackTeamCountry "DEN"]

1. e4 c5 2. Nf3 e6 3. d4 cxd4 4. Nxd4 Nc6 5. c4 Qb6 6. Nc2 Bc5 7. Qd2 Nf6 8. Nc3 Ng4 9. f3 Nf2 10. Na4 Qc7 11. Nxc5 Nxh1 12. Qg5 O-O 13. Be2 f6 14. Qh4 Qa5+ 15. Bd2 Qxc5 16. O-O-O Qf2 17. Qxf2 Nxf2 18. Rf1 Nxe4 19. fxe4 b6 20. Na3 a6 21. Be3 Rb8 22. Rd1 Kf7 23. Rd6 Ke7 24. c5 b5 25. Bf4 Bb7 26. Nb1 Ne5 27. Nd2 Rbc8 28. b4 Rc6 29. Rd4 d6 30. Nb3 dxc5 31. Nxc5 Rd8 32. Rxd8 Kxd8 33. Bxe5 fxe5 34. Bd3 Ke7 35. Kd2 Bc8 36. Nb3 Kf6 37. Nc1 Rd6 38. Ne2 Bd7 39. Ke3 a5 40. a3 axb4 41. axb4 Ra6 42. Nc3 Ra3 43. Kd2 Rb3 0-1

[Event "Skakligaen 2024-25"]
[Site "Denmark"]
[Date "2025.01.25"]
[Round "5.6"]
[White "Schwarz, Frank"]
[Black "Rewitz, Jan"]
[Result "1/2-1/2"]
[WhiteElo "2226"]
[BlackElo "2046"]
[EventDate "2024.11.02"]
[EventType "team-tourn"]
[EventRounds "9"]
[EventCountry "DEN"]
[SourceTitle "Holdskaksystemet"]
[WhiteTeam "Fredericia"]
[BlackTeam "Nordre"]
[WhiteTeamCountry "DEN"]
[BlackTeamCountry "DEN"]

1. e4 d5 2. exd5 Nf6 3. Nf3 Nxd5 4. d4 g6 5. c4 Nb6 6. Nc3 Bg7 7. h3 O-O 8. Be2 Nc6 9. Be3 e5 10. d5 Ne7 11. Qd2 Nf5 12. Bc5 Re8 13. O-O e4 14. Ne1 Bh6 15. Qd1 e3 16. Bd3 exf2+ 17. Bxf2 Ne3 18. Bxe3 Bxe3+ 19. Kh1 c6 20. Qf3 f5 21. Nc2 Bh6 22. Rae1 Bg7 23. Rxe8+ Qxe8 24. Re1 Qf7 25. a4 cxd5 26. cxd5 Bd7 27. a5 Na4 28. Nxa4 Bxa4 29. Ne3 Re8 30. Re2 Bb3 31. Nc4 Rxe2 32. Bxe2 Bxc4 33. Bxc4 Bxb2 34. Qb3 Qf6 35. d6+ Kg7 36. Qxb7+ Kh6 37. Bg8 Bd4 38. Qxh7+ Kg5 39. Qe7 Be5 40. Bd5 Kh6 41. Qxf6 Bxf6 42. Kg1 a6 43. Kf2 Bd8 44. Ke3 Kg7 45. Kd4 Kf6 46. Bc4 Bxa5 47. Kd5 g5 48. Bxa6 f4 49. Be2 Bd8 50. Bg4 Ba5 51. Ke4 Bb4 52. d7 Ba5 53. Be2 Bd8 54. Kd5 Ba5 55. Ke4 Bc7 56. Kf3 Bd8 57. Kg4 Ke5 58. Bb5 Be7 59. Ba4 Bd8 60. Bc2 1/2-1/2

[Event "Skakligaen 2024-25"]
[Site "Denmark"]
[Date "2025.01.25"]
[Round "5.7"]
[White "Holm, Filip Martin Kierulf Hou"]
[Black "Moller, Dustin"]
[Result "0-1"]
[WhiteElo "2013"]
[BlackElo "2182"]
[EventDate "2024.11.02"]
[EventType "team-tourn"]
[EventRounds "9"]
[EventCountry "DEN"]
[SourceTitle "Holdskaksystemet"]
[WhiteTeam "Nordre"]
[BlackTeam "Fredericia"]
[WhiteTeamCountry "DEN"]
[BlackTeamCountry "DEN"]

1. e4 e6 2. d4 d5 3. e5 c5 4. c3 Qb6 5. Nf3 Bd7 6. a3 Bb5 7. Bxb5+ Qxb5 8. b4 cxd4 9. cxd4 Nd7 10. Nc3 Qc6 11. Bb2 Nb6 12. Nd2 Ne7 13. Rc1 Nc4 14. b5 Nxb2 15. Qc2 Qb6 16. Qxb2 Qxd4 17. Nf3 Qd3 18. b6 a6 19. Ne2 Nc6 20. Rxc6 bxc6 21. b7 Rb8 22. Nfd4 Qxa3 23. Qc2 Qc5 24. Qxc5 Bxc5 25. Nxc6 Rxb7 26. O-O Kd7 27. Ncd4 Rhb8 0-1

[Event "Skakligaen 2024-25"]
[Site "Denmark"]
[Date "2025.01.25"]
[Round "5.8"]
[White "Friis, Carsten Bank"]
[Black "Pedersen, Peer Ole"]
[Result "1/2-1/2"]
[WhiteElo "2153"]
[BlackElo "2023"]
[EventDate "2024.11.02"]
[EventType "team-tourn"]
[EventRounds "9"]
[EventCountry "DEN"]
[SourceTitle "Holdskaksystemet"]
[WhiteTeam "Fredericia"]
[BlackTeam "Nordre"]
[WhiteTeamCountry "DEN"]
[BlackTeamCountry "DEN"]

1. c3 d5 2. d4 Nf6 3. Bf4 Bf5 4. e3 Nbd7 5. Bd3 Bg6 6. Nf3 e6 7. Qe2 Bd6 8. Bg5 c6 9. Nbd2 Rc8 10. e4 dxe4 11. Nxe4 Bb8 12. Rd1 Qe7 13. Nxf6+ Nxf6 14. Ne5 Bxd3 15. Rxd3 h6 16. Bh4 g5 17. Bg3 h5 18. h4 g4 19. O-O Rg8 20. f3 gxf3 21. Rdxf3 Rxg3 22. Rxg3 Ng4 23. Nxg4 Bxg3 24. Nf6+ Kd8 25. Qxh5 Kc7 26. Ne4 Qxh4 27. Rxf7+ Kb8 28. Qxh4 Bxh4 29. Rh7 Bd8 30. Nc5 e5 31. Rxb7+ Ka8 32. Rd7 exd4 33. cxd4 Bb6 34. b4 Rf8 35. g3 Rf3 36. Kg2 Ra3 37. Rf7 Rxa2+ 38. Rf2 Rxf2+ 39. Kxf2 a5 40. bxa5 Bxa5 41. Kf3 Kb8 42. Ke4 Kc7 43. Ke5 Be1 44. Ne4 Kd7 45. g4 Bb4 46. g5 Ke7 47. g6 Kf8 48. Nc5 Bc3 49. Ne6+ Kg8 50. Ke4 Bb2 51. Kd3 Ba1 52. Kc4 Bb2 53. Kc5 Bc3 54. Kc4 Bb2 55. Kd3 Ba1 56. Ke4 Bb2 57. Nf4 Kg7 58. Kf5 Kf8 59. Ke5 c5 60. Ne6+ Kg8 61. Nxc5 Bxd4+ 62. Kxd4 Kg7 63. Ke5 Kxg6 1/2-1/2

[Event "Skakligaen 2024-25"]
[Site "Denmark"]
[Date "2025.01.25"]
[Round "5.1"]
[White "Rozentalis, Eduardas"]
[Black "Nielsen, Viktor Haarmark"]
[Result "1-0"]
[WhiteElo "2485"]
[BlackElo "2364"]
[EventDate "2024.11.02"]
[EventType "team-tourn"]
[EventRounds "9"]
[EventCountry "DEN"]
[SourceTitle "Holdskaksystemet"]
[WhiteTeam "Koge"]
[BlackTeam "Obro"]
[WhiteTeamCountry "DEN"]
[BlackTeamCountry "DEN"]

1. e4 e5 2. Nf3 Nc6 3. Bb5 a6 4. Bxc6 dxc6 5. d3 Bd6 6. Be3 Ne7 7. Nbd2 c5 8. a4 a5 9. Nc4 Nc6 10. Nfd2 O-O 11. O-O b6 12. Nxd6 Qxd6 13. f4 exf4 14. Nc4 Qe7 15. Bxf4 Be6 16. Ne3 Rad8 17. Qh5 f6 18. b3 Qd7 19. Rf2 Nd4 20. Raf1 Rde8 21. Bg3 Bf7 22. Qd1 Be6 23. h3 Rf7 24. Bh2 c6 25. g4 b5 26. Nf5 c4 27. Nd6 cxb3 28. cxb3 Bxb3 29. Qa1 c5 30. axb5 a4 31. b6 Rfe7 32. Nxe8 Rxe8 33. Qc3 Qb5 34. Bd6 Ne6 35. e5 fxe5 36. Qxe5 h6 37. Qh5 Ng5 38. Qxe8+ 1-0

[Event "Skakligaen 2024-25"]
[Site "Denmark"]
[Date "2025.01.25"]
[Round "5.2"]
[White "Hansen, Soren Bech"]
[Black "Pantzar, Milton"]
[Result "1/2-1/2"]
[WhiteElo "2250"]
[BlackElo "2452"]
[EventDate "2024.11.02"]
[EventType "team-tourn"]
[EventRounds "9"]
[EventCountry "DEN"]
[SourceTitle "Holdskaksystemet"]
[WhiteTeam "Obro"]
[BlackTeam "Koge"]
[WhiteTeamCountry "DEN"]
[BlackTeamCountry "DEN"]

1. e4 e5 2. Nf3 Nc6 3. Bc4 Nf6 4. d3 Be7 5. O-O O-O 6. Re1 d6 7. a4 a5 8. h3 Be6 9. Nc3 Nxe4 10. Nxe4 d5 11. Nfg5 Bf5 12. Ba2 dxe4 13. Nxe4 Kh8 14. Be3 Bg6 15. Nc3 Nb4 16. Bb3 c6 17. Qf3 f5 18. Bd2 Bd6 19. Na2 Na6 20. Bc4 Nc5 21. Nc3 Qc7 22. h4 e4 23. Qh3 Bh5 24. dxe4 Bg4 25. Qh1 fxe4 26. Be3 Rae8 27. Be2 Bf5 28. Rad1 h6 29. g4 Bh7 30. Qg2 Ne6 31. Nxe4 Bf4 32. Bd3 Bxe3 33. fxe3 Bxe4 34. Bxe4 Qe5 35. c3 Re7 36. Bc2 Ref7 37. Rd2 Rf3 38. Qh2 R8f4 39. Bf5 Rxe3 40. Rde2 Rxe2 41. Qxe2 Qc5+ 42. Qe3 Qxe3+ 43. Rxe3 Nf8 44. Re8 g6 45. Rxf8+ Kg7 46. Rb8 gxf5 47. Rxb7+ Kf6 48. gxf5 Rxa4 49. Rb6 Rc4 50. Kf2 Kxf5 51. Ke3 Ke5 52. Kd3 Kd5 53. Ra6 a4 54. h5 Rh4 55. Ra5+ c5 56. Ra6 Rxh5 57. Rxa4 c4+ 58. Kc2 Rf5 59. Ra8 h5 60. Rd8+ Ke5 61. Re8+ Kf6 62. Re4 Rc5 63. b4 cxb3+ 1/2-1/2

[Event "Skakligaen 2024-25"]
[Site "Denmark"]
[Date "2025.01.25"]
[Round "5.3"]
[White "Smith, Axel"]
[Black "Rasmussen, Casper Dahl"]
[Result "1/2-1/2"]
[WhiteElo "2430"]
[BlackElo "2240"]
[EventDate "2024.11.02"]
[EventType "team-tourn"]
[EventRounds "9"]
[EventCountry "DEN"]
[SourceTitle "Holdskaksystemet"]
[WhiteTeam "Koge"]
[BlackTeam "Obro"]
[WhiteTeamCountry "DEN"]
[BlackTeamCountry "DEN"]

1. d4 d5 2. c4 c6 3. Nf3 Nf6 4. g3 Bf5 5. Nc3 e6 6. Nh4 dxc4 7. Nxf5 exf5 8. e3 Bd6 9. Bxc4 O-O 10. O-O Nbd7 11. a3 Nb6 12. Ba2 Qd7 13. Qf3 Rfe8 14. Bd2 Ne4 15. Rad1 Rad8 16. Qg2 Nxc3 17. Bxc3 Na4 18. Rc1 Nxc3 19. Rxc3 g6 20. Qf3 h5 21. h4 Re4 22. Kg2 Qe7 23. Bb1 Rg4 24. Rh1 f4 25. exf4 Bxf4 26. Rd3 Rd6 27. Qd1 Kg7 28. d5 Rxd5 29. Rxd5 cxd5 30. Qxd5 Rxg3+ 31. fxg3 Qe2+ 32. Kh3 Qg4+ 33. Kg2 Qe2+ 34. Kh3 Qg4+ 35. Kg2 Qe2+ 1/2-1/2

[Event "Skakligaen 2024-25"]
[Site "Denmark"]
[Date "2025.01.25"]
[Round "5.4"]
[White "Skonnord, Uno"]
[Black "Istvanovszki, Martin"]
[Result "1/2-1/2"]
[WhiteElo "2152"]
[BlackElo "2318"]
[EventDate "2024.11.02"]
[EventType "team-tourn"]
[EventRounds "9"]
[EventCountry "DEN"]
[SourceTitle "Holdskaksystemet"]
[WhiteTeam "Obro"]
[BlackTeam "Koge"]
[WhiteTeamCountry "DEN"]
[BlackTeamCountry "DEN"]

1. e4 c5 2. Nc3 g6 3. d4 Bg7 4. dxc5 Bxc3+ 5. bxc3 Nf6 6. Bd3 Qa5 7. Ne2 Qxc5 8. O-O d6 9. Be3 Qc7 10. h3 b6 11. Bh6 Nbd7 12. Qd2 Bb7 13. Qf4 Rc8 14. Qh4 Qc5 15. Rab1 Qh5 16. Qxh5 Nxh5 17. f3 Nhf6 18. Rfd1 Rg8 19. h4 Nc5 20. Bb5+ Bc6 21. Bc4 Nfd7 22. Nd4 Ba4 23. Bb3 Ne5 24. Bd2 Nc6 25. Kf2 h5 26. Ke2 Rh8 27. Rb2 Kf8 28. Be3 Kg7 29. Nxc6 Bb5+ 30. Kf2 Bxc6 31. Bd4+ f6 32. Bxc5 dxc5 33. Be6 Rhd8 34. Rbb1 Rb8 1/2-1/2

[Event "Skakligaen 2024-25"]
[Site "Denmark"]
[Date "2025.01.25"]
[Round "5.5"]
[White "Meskenas, Paulius"]
[Black "Christensen, Stefan"]
[Result "1-0"]
[WhiteElo "2161"]
[BlackElo "2187"]
[EventDate "2024.11.02"]
[EventType "team-tourn"]
[EventRounds "9"]
[EventCountry "DEN"]
[SourceTitle "Holdskaksystemet"]
[WhiteTeam "Koge"]
[BlackTeam "Obro"]
[WhiteTeamCountry "DEN"]
[BlackTeamCountry "DEN"]

1. e4 e6 2. d4 d5 3. Nd2 Be7 4. Ngf3 Nf6 5. Bd3 c5 6. e5 Nfd7 7. c3 Nc6 8. a3 a5 9. g4 cxd4 10. cxd4 Qb6 11. Qa4 f6 12. exf6 Bxf6 13. Nb3 O-O 14. Be3 Qc7 15. Nbd2 e5 16. Qb3 Nb6 17. dxe5 Bd8 18. Bxb6 Qxb6 19. Qxd5+ Kh8 20. Qe4 g6 21. h4 Ne7 22. h5 Kg7 23. Nd4 Nc6 24. hxg6 h6 25. Rxh6 Nxd4 26. Rh7+ Kg8 27. Rh8+ Kg7 28. Rh7+ Kg8 29. Bc4+ Be6 30. g7 Rf5 31. gxf5 Kxh7 32. f6+ Kg8 33. Qh1 Bxf6 34. Qh8+ Kf7 35. Qxa8 Bxg7 36. Bxe6+ Nxe6 37. Nc4 Qc6 38. Qxb7+ Qxb7 39. Nd6+ Kg6 40. Nxb7 Bxe5 41. O-O-O 1-0

[Event "Skakligaen 2024-25"]
[Site "Denmark"]
[Date "2025.01.25"]
[Round "5.6"]
[White "Jorgensen, Brian Jorgen"]
[Black "Pedersen, Henrik Dahl"]
[Result "0-1"]
[WhiteElo "2173"]
[BlackElo "2265"]
[EventDate "2024.11.02"]
[EventType "team-tourn"]
[EventRounds "9"]
[EventCountry "DEN"]
[SourceTitle "Holdskaksystemet"]
[WhiteTeam "Obro"]
[BlackTeam "Koge"]
[WhiteTeamCountry "DEN"]
[BlackTeamCountry "DEN"]

1. c4 Nf6 2. Nc3 g6 3. e4 d6 4. d4 Bg7 5. f3 O-O 6. Nge2 c5 7. d5 e6 8. Ng3 exd5 9. cxd5 Nbd7 10. Be2 a6 11. a4 Rb8 12. O-O Qc7 13. Be3 c4 14. Rc1 b5 15. axb5 axb5 16. b4 h5 17. Qd2 h4 18. Nh1 h3 19. g4 Ne5 20. Nf2 Qe7 21. Bg5 Qa7 22. Kh1 Nh7 23. Be3 Qe7 24. f4 Nd3 25. Nxd3 cxd3 26. Bf3 Re8 27. Rce1 g5 28. f5 Bd7 29. Qxd3 Rec8 30. Ne2 Rc4 31. Bd2 Rbc8 32. Ng1 Be5 33. Nxh3 f6 34. Bd1 Rc3 35. Bxc3 Rxc3 36. Qb1 Rxh3 37. Re2 Qg7 38. Rff2 Qh6 39. Ra2 Nf8 40. Be2 0-1

[Event "Skakligaen 2024-25"]
[Site "Denmark"]
[Date "2025.01.25"]
[Round "5.7"]
[White "Nord, Alexander"]
[Black "Laursen, Niels Norskov"]
[Result "1-0"]
[WhiteElo "2189"]
[BlackElo "2186"]
[EventDate "2024.11.02"]
[EventType "team-tourn"]
[EventRounds "9"]
[EventCountry "DEN"]
[SourceTitle "Holdskaksystemet"]
[WhiteTeam "Koge"]
[BlackTeam "Obro"]
[WhiteTeamCountry "DEN"]
[BlackTeamCountry "DEN"]

1. d4 Nf6 2. Nf3 g6 3. g3 Bg7 4. Bg2 O-O 5. O-O d5 6. c4 dxc4 7. Na3 c3 8. bxc3 c5 9. Bb2 Nc6 10. Re1 Qa5 11. d5 Rd8 12. e4 e6 13. Nd2 Ne5 14. Nb3 Qa6 15. c4 Nxc4 16. Nxc4 Qxc4 17. Qf3 Ne8 18. Bxg7 Kxg7 19. Rac1 Qb4 20. Nxc5 b6 21. Nd3 Qd4 22. Nf4 exd5 23. exd5 Qf6 24. h4 h5 25. Qa3 Bb7 26. Re7 Bc8 27. Ne6+ Bxe6 28. dxe6 Nd6 29. Rcc7 Qa1+ 30. Kh2 Nb5 31. Rxf7+ 1-0

[Event "Skakligaen 2024-25"]
[Site "Denmark"]
[Date "2025.01.25"]
[Round "5.8"]
[White "Kakulidis, Ellen"]
[Black "Li, Anna Sofie"]
[Result "1-0"]
[WhiteElo "2015"]
[BlackElo "2019"]
[EventDate "2024.11.02"]
[EventType "team-tourn"]
[EventRounds "9"]
[EventCountry "DEN"]
[SourceTitle "Holdskaksystemet"]
[WhiteTeam "Obro"]
[BlackTeam "Koge"]
[WhiteTeamCountry "DEN"]
[BlackTeamCountry "DEN"]

1. d4 d5 2. c4 c6 3. cxd5 cxd5 4. Bf4 Nc6 5. Nc3 Nf6 6. Nf3 Bf5 7. Ne5 e6 8. e3 Be7 9. Nxc6 bxc6 10. Bd3 Bxd3 11. Qxd3 O-O 12. O-O Nh5 13. Be5 f6 14. Bg3 Nxg3 15. hxg3 e5 16. Rfc1 e4 17. Qc2 f5 18. Na4 Rf6 19. Nc5 Rh6 20. Qe2 g5 21. Qa6 Qe8 22. Nb3 Qh5 23. Kf1 Qg4 24. Kg1 Qh5 25. Kf1 Qh1+ 26. Ke2 Qxg2 27. Rf1 Bb4 28. Nd2 Bxd2 29. Kxd2 Qf3 30. Qb7 Re8 31. Qxa7 f4 32. gxf4 gxf4 33. Rg1+ Rg6 34. Raf1 Rg2 35. Qd7 fxe3+ 36. Kc1 Rf8 37. Qe6+ Rf7 38. Qe8+ Kg7 39. Qe5+ Kg6 40. Qe6+ Rf6 41. Qg8+ Kf5 42. Qxg2 e2 43. Re1 h5 44. Qxf3+ exf3 45. Kd2 h4 46. Rh1 Kg4 47. Reg1+ Kh5 48. Ke3 Rf5 49. a4 1-0

[Event "Skakligaen 2024-25"]
[Site "Denmark"]
[Date "2025.01.26"]
[Round "6.1"]
[White "Hector, Jonny"]
[Black "Thybo, Jesper Sondergaard"]
[Result "0-1"]
[WhiteElo "2434"]
[BlackElo "2556"]
[EventDate "2024.11.02"]
[EventType "team-tourn"]
[EventRounds "9"]
[EventCountry "DEN"]
[SourceTitle "Holdskaksystemet"]
[WhiteTeam "Nordkalotten"]
[BlackTeam "Hillerod"]
[WhiteTeamCountry "DEN"]
[BlackTeamCountry "DEN"]

1. e4 e5 2. Nf3 Nc6 3. d4 exd4 4. Nxd4 Nf6 5. Nc3 Bb4 6. Nxc6 bxc6 7. Bd3 O-O 8. O-O d5 9. exd5 cxd5 10. h3 c6 11. Qf3 Re8 12. Bf4 Bd6 13. Rfe1 Be6 14. Na4 Qc7 15. Bxd6 Qxd6 16. Qe3 Qb4 17. b3 Bxh3 18. Bxh7+ Nxh7 19. Qxe8+ Rxe8 20. Rxe8+ Nf8 21. gxh3 Kh7 22. c3 Qd6 23. Re3 Ne6 24. Rae1 Ng5 25. Nb2 f5 26. f4 Qxf4 27. Nd3 Qh4 28. Rf1 d4 0-1

[Event "Skakligaen 2024-25"]
[Site "Denmark"]
[Date "2025.01.26"]
[Round "6.2"]
[White "Hansen, Sune Berg"]
[Black "Jepson, Christian"]
[Result "1/2-1/2"]
[WhiteElo "2511"]
[BlackElo "2404"]
[EventDate "2024.11.02"]
[EventType "team-tourn"]
[EventRounds "9"]
[EventCountry "DEN"]
[SourceTitle "Holdskaksystemet"]
[WhiteTeam "Hillerod"]
[BlackTeam "Nordkalotten"]
[WhiteTeamCountry "DEN"]
[BlackTeamCountry "DEN"]

1. e4 d6 2. d4 Nf6 3. Nc3 e5 4. Nf3 Nbd7 5. Bc4 Be7 6. O-O O-O 7. a4 c6 8. Re1 a5 9. h3 Nb6 10. Bd3 exd4 11. Nxd4 d5 12. e5 Ne8 13. Nf3 Nd7 14. Ne2 Nc5 15. Ned4 g6 16. Bf1 Ng7 17. c3 Re8 18. Be3 Nf5 19. Nxf5 Bxf5 20. Nd4 Bd7 21. Qc2 Bf8 22. Bf4 Bg7 23. Re3 f6 24. exf6 Qxf6 25. Rxe8+ Rxe8 26. Be3 b6 27. Qd1 Bc8 28. Ra3 Qd6 29. Qc2 Ne4 30. Ra1 c5 31. Nf3 Bb7 32. Rd1 Qe6 33. Bd3 Kh8 34. Re1 Qf6 35. Bc1 Qd8 36. Qd1 Bc6 37. Bf4 Rf8 38. Be3 Qc7 39. Bxe4 dxe4 40. Ng5 Re8 41. Qb3 h6 42. Ne6 Qf7 43. Nxc5 Qxb3 44. Nxb3 Bxa4 45. Nd2 Bc2 46. Bxb6 a4 47. Bc5 Kg8 48. Rc1 Bd3 49. Ra1 Rc8 50. Bb4 Bc2 51. Rc1 Bd3 52. Re1 Re8 53. f3 e3 54. Ne4 Bxe4 55. fxe4 Rxe4 56. Re2 h5 57. g3 h4 58. gxh4 Bh6 59. Bc5 Kf7 60. Kg2 Ke6 61. Kf3 Rxh4 62. Kg3 Re4 63. Kf3 Rh4 64. Kg3 Re4 65. Kf3 Rf4+ 66. Kg3 1/2-1/2

[Event "Skakligaen 2024-25"]
[Site "Denmark"]
[Date "2025.01.26"]
[Round "6.3"]
[White "Brynell, Stellan"]
[Black "Schandorff, Lars"]
[Result "1/2-1/2"]
[WhiteElo "2380"]
[BlackElo "2470"]
[EventDate "2024.11.02"]
[EventType "team-tourn"]
[EventRounds "9"]
[EventCountry "DEN"]
[SourceTitle "Holdskaksystemet"]
[WhiteTeam "Nordkalotten"]
[BlackTeam "Hillerod"]
[WhiteTeamCountry "DEN"]
[BlackTeamCountry "DEN"]

1. d4 Nf6 2. Nf3 d5 3. c4 e6 4. Nc3 Be7 5. Bg5 h6 6. Bh4 O-O 7. e3 Nbd7 8. Rc1 c5 9. cxd5 Nxd5 10. Bxe7 Nxe7 11. Be2 b6 12. O-O Bb7 13. dxc5 Nxc5 14. b4 Ne4 15. Nxe4 Bxe4 16. Qa4 Rc8 17. Rxc8 Qxc8 18. Qxa7 Nd5 19. Qa3 Qc3 20. Qxc3 Nxc3 21. Bc4 Bxf3 22. gxf3 Rc8 23. Bb3 Ne2+ 24. Kg2 Nc1 25. Rd1 Nxb3 26. axb3 Rc3 27. Rd6 Rxb3 28. Rxb6 g5 29. Kg3 Rb2 30. b5 Kg7 31. Rb8 Kf6 32. b6 Kg7 33. b7 Rb4 34. e4 Rb2 35. Kg4 Kh7 36. f4 gxf4 37. Kxf4 Rb5 38. Kg4 Kg7 39. f4 Rb3 40. f5 exf5+ 41. Kxf5 Rb5+ 42. Kf4 Rb2 43. Ke5 Rb1 44. Kd6 Rd1+ 45. Ke7 Rb1 46. e5 Rb2 47. h4 Rb1 48. h5 Rb2 49. Ke8 Rb1 50. Kd7 Rd1+ 51. Kc6 Rc1+ 52. Kd6 1/2-1/2

[Event "Skakligaen 2024-25"]
[Site "Denmark"]
[Date "2025.01.26"]
[Round "6.4"]
[White "Aagaard, Jacob"]
[Black "Sylvan, Jacob"]
[Result "1/2-1/2"]
[WhiteElo "2435"]
[BlackElo "2332"]
[EventDate "2024.11.02"]
[EventType "team-tourn"]
[EventRounds "9"]
[EventCountry "DEN"]
[SourceTitle "Holdskaksystemet"]
[WhiteTeam "Hillerod"]
[BlackTeam "Nordkalotten"]
[WhiteTeamCountry "DEN"]
[BlackTeamCountry "DEN"]

1. e4 c5 2. Nf3 e6 3. d4 cxd4 4. Nxd4 Nc6 5. Nc3 Qc7 6. Be3 a6 7. g4 b5 8. Nxc6 Qxc6 9. Qd2 Nf6 10. f3 d6 11. O-O-O Bb7 12. g5 Nd7 13. Kb1 Be7 14. h4 Ne5 15. Qg2 Rc8 16. Rd4 Qc7 17. h5 Qa5 18. f4 Rxc3 19. Bd2 b4 20. fxe5 dxe5 21. Rc4 Rxc4 1/2-1/2

[Event "Skakligaen 2024-25"]
[Site "Denmark"]
[Date "2025.01.26"]
[Round "6.5"]
[White "Kristensen, Kaare Hove"]
[Black "Percivaldi, Martin"]
[Result "1/2-1/2"]
[WhiteElo "2266"]
[BlackElo "2382"]
[EventDate "2024.11.02"]
[EventType "team-tourn"]
[EventRounds "9"]
[EventCountry "DEN"]
[SourceTitle "Holdskaksystemet"]
[WhiteTeam "Nordkalotten"]
[BlackTeam "Hillerod"]
[WhiteTeamCountry "DEN"]
[BlackTeamCountry "DEN"]

1. c4 e6 2. Nc3 d5 3. d4 Bb4 4. Nf3 dxc4 5. a4 c6 6. e3 b5 7. Bd2 a5 8. axb5 Bxc3 9. Bxc3 cxb5 10. b3 Bb7 11. d5 Nf6 12. bxc4 b4 13. Bxf6 Qxf6 14. Qa4+ Kf8 15. Nd4 exd5 16. Qb5 Bc6 17. Qc5+ Qe7 18. Rxa5 Qxc5 19. Rxc5 Ra1+ 20. Kd2 dxc4 21. Rxc4 Ra2+ 22. Kc1 Bd7 23. Rxb4 Ke7 24. Be2 Nc6 25. Rb2 1/2-1/2

[Event "Skakligaen 2024-25"]
[Site "Denmark"]
[Date "2025.01.26"]
[Round "6.6"]
[White "Borge, Nikolaj"]
[Black "Hove, Esben Kjems"]
[Result "1-0"]
[WhiteElo "2364"]
[BlackElo "2306"]
[EventDate "2024.11.02"]
[EventType "team-tourn"]
[EventRounds "9"]
[EventCountry "DEN"]
[SourceTitle "Holdskaksystemet"]
[WhiteTeam "Hillerod"]
[BlackTeam "Nordkalotten"]
[WhiteTeamCountry "DEN"]
[BlackTeamCountry "DEN"]

1. e4 c6 2. d4 d5 3. e5 Bf5 4. Nf3 e6 5. Be2 Nd7 6. O-O a5 7. a4 f6 8. c4 fxe5 9. cxd5 cxd5 10. Bb5 Bg4 11. dxe5 Ne7 12. h3 Bxf3 13. Qxf3 Nc6 14. Nc3 Bb4 15. Qh5+ g6 16. Qg4 Qe7 17. Bg5 h5 18. Qg3 Qg7 19. f4 O-O 20. Bd3 Nd4 21. Nb5 Nxb5 22. axb5 Rf7 23. Bh4 Nf8 24. Bf6 Qh7 25. f5 exf5 26. Bxf5 Be7 27. Bc2 Bxf6 28. exf6 Rd7 29. Rae1 Rad8 30. Qg5 1-0